| 000 | 00890nam a2200265Ia 4500 | ||
|---|---|---|---|
| 003 | OSt | ||
| 005 | 20220926014219.0 | ||
| 006 | a|||||r|||| 00| 0 | ||
| 007 | ta | ||
| 008 | 220923b |||||||| |||| 00| 0 eng d | ||
| 020 |
_a031223452X _c3508.2600000000002 |
||
| 037 |
_b04-05/4490, 22/02/2005, Ane _cGeneral Book |
||
| 040 |
_aRTL _cRTL _beng |
||
| 041 |
_2eng _aeng |
||
| 082 | _aX:75.20m49B.P, P0 | ||
| 100 |
_aAgrawal Pradeep and others _9259765 |
||
| 245 | 0 |
_aPolicy regimes and industrial competiveness _b A co |
|
| 260 |
_aNew York _bMartin's Press _c2000 |
||
| 300 |
_axvi313p _ccm. |
||
| 490 | _aInternational political economy series | ||
| 500 | _aBibliography P 286-297 | ||
| 650 |
_aEconomic Planning _9237517 |
||
| 942 |
_hX:75.20m49B.P, P0 _cGB _2CC |
||
| 999 |
_c628322 _d628322 |
||